[Event "LTU-chT"]
[Site "Lithuania"]
[Date "2019.04.28"]
[Round "7.2"]
[White "Viskelis, Darius"]
[Black "Muningis, Paulius"]
[Result "1/2-1/2"]
[WhiteElo "2242"]
[BlackElo "2146"]
[PlyCount "106"]
[EventDate "2019.01.26"]
[EventType "team-swiss"]
[EventRounds "7"]
[EventCountry "LTU"]
[SourceTitle "CBM 190 Extra"]
[Source "ChessBase"]
[SourceDate "2019.07.15"]
[SourceVersion "1"]
[SourceVersionDate "2019.07.15"]
[SourceQuality "1"]
[WhiteTeam "Vilnius Chess United"]
[BlackTeam "Siauliai SISZK"]
[WhiteTeamCountry "LTU"]
[BlackTeamCountry "LTU"]

1. e4 c5 2. Nf3 Nc6 3. Bb5 g6 4. 0-0 Bg7 5. Bxc6 dxc6 6. d3 e5 7. Nbd2 Qc7 8. b3 Ne7 9. Bb2 f6 10. a4 a5 11. Nc4 g5 12. h4 g4 13. Nfd2 Be6 14. g3 h5 15. Qe2 Bh6 16. Rfd1 Rg8 17. Ne3 Ng6 18. Nf5 Bxd2 19. Qxd2 0-0-0 20. Qh6 Qf7 21. Qxh5 Kb8 22. Qxg4 Qd7 23. Kf1 Ne7 24. Qf3 Nxf5 25. exf5 Bd5 26. Qe3 Qxf5 27. Ke1 b6 28. Kd2 Rg4 29. Kc1 Kb7 30. Bc3 e4 31. d4 c4 32. b4 axb4 33. Bxb4 Ra8 34. a5 Qd7 35. Kb2 b5 36. a6+ Kc8 37. Qh6 Qf7 38. Ra3 Kd7 39. a7 Kc7 40. Rda1 Be6 41. Ra6 Bc8 42. Ba5+ Kd7 43. Rb6 Rxa7 44. d5 c3+ 45. Bxc3 Rxa1 46. Kxa1 Qxd5 47. Qh7+ Kd6 48. Rb8 Rg8 49. Bb4+ Ke5 50. Qc7+ Kf5 51. Rxc8 Qd4+ 52. Ka2 Qxb4 53. Qf4+ Ke6 1/2-1/2

[Event "LTU-chT"]
[Site "Lithuania"]
[Date "2019.03.31"]
[Round "5.3"]
[White "Dailidenas, Justas"]
[Black "Muningis, Paulius"]
[Result "0-1"]
[WhiteElo "1600"]
[BlackElo "2146"]
[PlyCount "70"]
[EventDate "2019.01.26"]
[EventType "team-swiss"]
[EventRounds "7"]
[EventCountry "LTU"]
[SourceTitle "CBM 189 Extra"]
[Source "ChessBase"]
[SourceDate "2019.06.03"]
[SourceVersion "1"]
[SourceVersionDate "2019.06.03"]
[SourceQuality "1"]
[WhiteTeam "Vilnius Tauras"]
[BlackTeam "Siauliai SISZK"]
[WhiteTeamCountry "LTU"]
[BlackTeamCountry "LTU"]

1. e4 c5 2. Nf3 Nc6 3. d4 cxd4 4. Nxd4 e5 5. Nb5 d6 6. N1c3 a6 7. Na3 Nf6 8. Bg5 Be7 9. Bxf6 gxf6 10. Nc4 f5 11. Nd5 fxe4 12. Nxe7 Kxe7 13. Qd5 Be6 14. Qxe4 d5 15. Qh4+ Ke8 16. Qxd8+ Rxd8 17. Nd2 Nb4 18. Kd1 Rg8 19. g3 Ke7 20. Bg2 Rc8 21. c3 Nd3 22. Ke2 Nxb2 23. Rab1 Na4 24. Rxb7+ Kf6 25. Nb1 Rb8 26. Rb3 Nc5 27. Ra3 Rb2+ 28. Nd2 Rgb8 29. Rc1 e4 30. Ke3 Nd3 31. Rf1 Ne5 32. f3 Rxd2 33. Kxd2 Nc4+ 34. Kc1 Nxa3 35. fxe4+ Ke5 0-1

[Event "LTU-chT"]
[Site "Lithuania"]
[Date "2019.01.26"]
[Round "1.3"]
[White "Muningis, Paulius"]
[Black "Scekaciov, Rostislav"]
[Result "1-0"]
[WhiteElo "2146"]
[BlackElo "1560"]
[PlyCount "57"]
[EventDate "2019.01.26"]
[EventType "team-swiss"]
[EventRounds "7"]
[EventCountry "LTU"]
[SourceTitle "CBM 188 Extra"]
[Source "ChessBase"]
[SourceDate "2019.02.26"]
[SourceVersion "1"]
[SourceVersionDate "2019.02.26"]
[SourceQuality "1"]
[WhiteTeam "Siauliai SISZK"]
[BlackTeam "Klaipeda Bokstas"]
[WhiteTeamCountry "LTU"]
[BlackTeamCountry "LTU"]

1. e4 d6 2. d4 Nf6 3. Nc3 g6 4. b3 Bg7 5. Bb2 0-0 6. Qd2 c5 7. 0-0-0 cxd4 8. Qxd4 Nc6 9. Qe3 Bd7 10. h4 Qb6 11. Qxb6 axb6 12. f3 h5 13. Kb1 Rfc8 14. a3 Ne5 15. Nge2 Bh6 16. Nd4 Bc6 17. Ndb5 Nfd7 18. Nd5 Bxd5 19. Rxd5 Bf4 20. Nc3 Rc5 21. Rxc5 bxc5 22. Nd5 Bh6 23. Nxe7+ Kf8 24. Nd5 f5 25. Bb5 Rd8 26. exf5 gxf5 27. Nc7 Kf7 28. Rd1 Bf8 29. f4 1-0

[Event "Marijampole op"]
[Site "Marijampole"]
[Date "1996.??.??"]
[Round "4"]
[White "Muningis, Paulius"]
[Black "Pop, Valer"]
[Result "0-1"]
[WhiteElo "2135"]
[BlackElo "2120"]
[PlyCount "78"]
[EventDate "1996.??.??"]
[EventType "swiss"]
[EventRounds "9"]
[EventCountry "LTU"]
[SourceTitle "EXT 1998"]
[Source "ChessBase"]
[SourceDate "1997.11.17"]
[SourceVersion "1"]
[SourceVersionDate "1997.11.17"]
[SourceQuality "1"]

1. e4 c5 2. Nc3 Nc6 3. g3 g6 4. d3 d6 5. Be3 Bg7 6. Qd2 Rb8 7. Bg2 b5 8. Nge2 Nd4 9. 0-0 h5 10. Nd1 Nh6 11. c3 Nxe2+ 12. Qxe2 0-0 13. h3 f5 14. d4 fxe4 15. dxc5 d5 16. a4 b4 17. cxb4 Nf5 18. b5 e5 19. c6 Nd4 20. Bxd4 exd4 21. Qc2 Qd6 22. Qb3 Kh7 23. Rc1 Qe5 24. a5 Ba6 25. Rc5 e3 26. Rxd5 Rxb5 27. Qxb5 Bxb5 28. Rxe5 Bxf1 29. Re7 e2 30. Nc3 dxc3 31. bxc3 Bxg2 32. Kxg2 Rc8 33. Rxe2 Rxc6 34. Re7 Ra6 35. c4 Kg8 36. c5 Bd4 37. Rc7 Rxa5 38. c6 Bb6 39. Rc8+ Kf7 0-1

[Event "LTU-ch sf"]
[Site "Vilnius"]
[Date "1995.08.02"]
[Round "7"]
[White "Piesina, Gintautas"]
[Black "Muningis, Paulius"]
[Result "1-0"]
[WhiteElo "2410"]
[BlackElo "2095"]
[PlyCount "51"]
[EventDate "1995.07.??"]
[EventType "swiss"]
[EventRounds "9"]
[EventCountry "LTU"]
[SourceTitle "EXT 2005"]
[Source "ChessBase"]
[SourceDate "2004.11.15"]
[SourceVersion "1"]
[SourceVersionDate "2004.11.15"]
[SourceQuality "1"]

1. d4 Nf6 2. c4 e6 3. Nf3 Bb4+ 4. Bd2 a5 5. g3 d6 6. Bg2 Nbd7 7. 0-0 e5 8. Bc1 exd4 9. Nxd4 0-0 10. a3 Bc5 11. b3 Re8 12. Nc3 Ne5 13. Bb2 Bd7 14. Rc1 a4 15. Nxa4 Bxa4 16. bxa4 c6 17. Nb3 Bb6 18. c5 dxc5 19. Qxd8 Raxd8 20. Nxc5 Bxc5 21. Rxc5 Ned7 22. Rc2 Ra8 23. Rd1 Rxa4 24. e4 Ne5 25. Rd4 Rxd4 26. Bxd4 1-0

[Event "Katowice op"]
[Site "Katowice"]
[Date "1995.??.??"]
[Round "1"]
[White "Bielczyk, Jacek"]
[Black "Muningis, Paulius"]
[Result "1-0"]
[WhiteElo "2365"]
[BlackElo "2045"]
[PlyCount "63"]
[EventDate "1995.??.??"]
[EventType "swiss"]
[EventRounds "9"]
[EventCountry "POL"]
[SourceTitle "EXT 2000"]
[Source "ChessBase"]
[SourceDate "1999.11.16"]
[SourceVersion "1"]
[SourceVersionDate "1999.11.16"]
[SourceQuality "1"]

1. e4 c5 2. Nf3 Nc6 3. Bb5 g6 4. 0-0 Bg7 5. c3 Nf6 6. e5 Nd5 7. d4 cxd4 8. cxd4 0-0 9. Nc3 Nc7 10. Bg5 Nxb5 11. Nxb5 a6 12. Nd6 h6 13. Bh4 g5 14. Bxg5 hxg5 15. Nxg5 f6 16. exf6 Rxf6 17. Nde4 Rh6 18. d5 Nd4 19. d6 e6 20. Qg4 b6 21. Rad1 Nf5 22. Ng3 Bb7 23. Nxf5 exf5 24. Qc4+ Re6 25. Nxe6 dxe6 26. Qxe6+ Kf8 27. Qxf5+ Qf6 28. Qg4 Rd8 29. Rfe1 Bc8 30. d7 Bb7 31. Re8+ Kf7 32. Qh5+ 1-0

[Event "EU-ch U18"]
[Site "Zagan"]
[Date "1995.??.??"]
[Round "6"]
[White "Muningis, Paulius"]
[Black "Bobras, Piotr"]
[Result "0-1"]
[WhiteElo "2095"]
[BlackElo "2300"]
[PlyCount "86"]
[EventDate "1995.??.??"]
[EventType "swiss"]
[EventRounds "11"]
[EventCountry "POL"]
[SourceTitle "EXT 1997"]
[Source "ChessBase"]
[SourceDate "1996.11.15"]
[SourceVersion "1"]
[SourceVersionDate "1996.11.15"]
[SourceQuality "1"]

1. e4 e5 2. Nf3 Nc6 3. d4 exd4 4. Nxd4 Nf6 5. Nc3 Bc5 6. Be3 Bb6 7. Nxc6 bxc6 8. e5 Bxe3 9. exf6 Bh6 10. Qe2+ Kf8 11. fxg7+ Bxg7 12. Qd2 Rb8 13. 0-0-0 d5 14. f4 Bg4 15. Re1 Qd6 16. a3 c5 17. Qxd5 Qxd5 18. Nxd5 Bxb2+ 19. Kd2 Rd8 20. c4 c6 21. Kc2 Bxa3 22. Ra1 Bf5+ 23. Kc3 cxd5 24. Rxa3 d4+ 25. Kd2 Rd7 26. Bd3 Bxd3 27. Kxd3 Kg7 28. Re1 Rb8 29. Re5 Rc7 30. Ke4 f6 31. Rg3+ Kf8 32. Rh5 Re7+ 33. Kf5 Rd8 34. Rh4 Re3 35. Rgg4 Rd7 36. Rh6 d3 37. Rxf6+ Rf7 38. Rh4 Rxf6+ 39. Kxf6 d2 40. Rxh7 Re6+ 41. Kxe6 d1Q 42. Rxa7 Qb3 43. f5 Qb6+ 0-1

[Event "Katowice op"]
[Site "Katowice"]
[Date "1995.??.??"]
[Round "6"]
[White "Muningis, Paulius"]
[Black "Pinski, Jan"]
[Result "1/2-1/2"]
[WhiteElo "2045"]
[BlackElo "2275"]
[PlyCount "81"]
[EventDate "1995.??.??"]
[EventType "swiss"]
[EventRounds "9"]
[EventCountry "POL"]
[SourceTitle "EXT 2000"]
[Source "ChessBase"]
[SourceDate "1999.11.16"]
[SourceVersion "1"]
[SourceVersionDate "1999.11.16"]
[SourceQuality "1"]

1. e4 c5 2. Nf3 Nc6 3. d4 cxd4 4. Nxd4 e5 5. Nb5 d6 6. c4 Be7 7. N1c3 a6 8. Na3 Be6 9. Be3 Rc8 10. Be2 Nf6 11. f3 0-0 12. Nc2 Nh5 13. Nd5 Bg5 14. Bb6 Qd7 15. 0-0 g6 16. g3 Ng7 17. f4 Bd8 18. Be3 f5 19. Nc3 Ba5 20. exf5 gxf5 21. Nd5 Kh8 22. a3 Bd8 23. Qd2 Ne8 24. Rad1 Nf6 25. Nxf6 Bxf6 26. Qxd6 Qf7 27. Bh5 Qg8 28. fxe5 Be7 29. Qd2 Bxc4 30. Rfe1 Bb3 31. Rc1 Rfd8 32. Qf2 Nxe5 33. Bd4 Rxd4 34. Nxd4 Rxc1 35. Rxc1 Nd3 36. Qe3 Nxc1 37. Qxe7 Qg7 38. Qxg7+ Kxg7 39. Nxf5+ Kf6 40. Nd4 Bd5 41. Bf3 1/2-1/2